Dizajn distribučného kanála a proces jeho tvorby

Dizajn distribučného kanála. Úspech, ciele a úlohy distribučného kanála. Proces jeho tvorby. Kooperácia a komunikácia medzi členmi distribučného kanála.

Gespeichert in:
Bibliographische Detailangaben
1. Verfasser: Daňo, Ferdinand, 1959-
Weitere Verfasser: Kita, Pavol
Format: Buchkapitel
Sprache:Slowakisch
Schlagworte:
Tags: Tag hinzufügen
Keine Tags, Fügen Sie das erste Tag hinzu!

MARC

LEADER 00000naa$a2200000$$$4500
001 0013125
005 20240502071358.1
041 0 |a slo 
044 |a SK 
245 1 0 |a Dizajn distribučného kanála a proces jeho tvorby  |c aut. Ferdinand Daňo, Pavol Kita 
520 |a Dizajn distribučného kanála. Úspech, ciele a úlohy distribučného kanála. Proces jeho tvorby. Kooperácia a komunikácia medzi členmi distribučného kanála. 
610 2 0 |a stratégia podniková 
610 2 0 |a stratégia marketingová 
610 2 0 |a kanály distribučné 
610 2 0 |a dizajn 
610 2 0 |a trh 
100 1 |a Daňo, Ferdinand, 1959- 
700 1 |a Kita, Pavol